El contrato para la formacin̤ y el aprendizaje: la cualificacin̤ profesional como clave

Bibliographic Details
Main Author: Apilluelo Martn̕, Margarita
Format: eBook
Language:Spanish
Published: Albacete: Editorial Bomarzo, 2014
Subjects:
Online Access:Acceso restringido

MARC

LEADER 00000nam a22000007a 4500
005 20140501223632.0
007 cr|||| ||||
008 140501s2014 es |||||s|||| 00||0 spa d
020 |a 978-84-15923-37-4 
035 |a 12092 
040 |a vLex 
090 |c 4886  |d 4886 
100 1 |a Apilluelo Martn̕, Margarita 
245 1 3 |a El contrato para la formacin̤ y el aprendizaje: la cualificacin̤ profesional como clave  |h [Recurso electrn̤ico] /  |c Margarita Apilluelo Martn̕ 
256 |a Servicio en ln̕ea 
260 |a Albacete:  |b Editorial Bomarzo,  |c 2014 
300 |a 1 recurso electrn̤ico 
506 1 |a Disponible solo en los productos indicados  |d vLex Global  |d vLex Global (Academic Edition, excluding Law Schools)  |d vLex Global (U.S. Academic Edition, Law Schools)  |d vLex Global (U.S. Academic Edition, excluding Law Schools)  |d vLex Global (Academic Edition, Law Schools) 
650 0 4 |a Derecho Laboral y Seguridad Social  |z Espaą 
740 0 |a vLex Libros (Servicio en ln̕ea) 
856 4 0 |u http://vlex.com/source/contrato-formacion-aprendizaje-12092  |z Acceso restringido 
942 |c BOOK 
999 0 |a Labor Law and Social Security